| 000 | 00746nam a22002057a 4500 | ||
|---|---|---|---|
| 005 | 20251105204831.0 | ||
| 008 | 251105b ||||fr|||| 00| 0 eng d | ||
| 040 |
_aCENDOC CAAAP _cCAAAP |
||
| 041 | _apor | ||
| 050 |
_aHC 188 _bB81 |
||
| 110 | 1 |
_95616 _aFundação Instituto Brasileiro de Geografia e Estatística |
|
| 245 | 1 |
_aGeografia do Brasil / _cFundação Instituto Brasileiro de Geografia e Estatística |
|
| 250 | _a1ra edición | ||
| 260 | 1 |
_aRio de Janeiro, Brasil : _bCentro de servicos graficos, _c1977 |
|
| 300 |
_a466 páginas : _bilustraciones, mapaas, fotografias, _c27 x 18 cm |
||
| 650 | 0 |
_9356 _aDesarrollo Económico |
|
| 650 | 0 |
_93288 _aGeografía humana |
|
| 650 | 0 |
_9261 _aDesarrollo Social |
|
| 942 |
_2lcc _bDD - MM - AA _cBK |
||
| 999 |
_c4136 _d4136 |
||